000 01070nam a2200229Ii 4500
003 JO-AjNU
008 230605s9999||||xx |||||||||||||| ||und||
017 _a2021/1/231
020 _a978-9957-98-425-0
040 _aJO-AjNU
_bara
_erda
_cJO-AjNU
041 _aara
050 1 4 _aRC338.D34.2022
100 3 _aتاليف الداهري، صالح حسن,
_eauthor
_963883
245 0 0 _aسيكولوجية التشخيص والعلاج للاضطرابات النفسية والعقلية والسلوكية: (الاسس والنظريات)
250 _aالطبعة الاولى
264 3 1 _aعمان: دار الاعصار العلمي للنشر والتوزيع، 2022
300 _a467ص
_bيحتوي على مصادر ومراجع وقاموس مصطلحات من ص 445-467ص
336 _atext
_btxt
_2rdacontent
337 _aunmediated
_bn
_2rdamedia
338 _avolume
_bnc
_2rdacarrier
650 4 _aالاضطرابات النفسية-الاضطرابات العقلية -المشاكل الانفعالية-العلاج-الطب النفسي
_963884
999 _aA29000
_c32568
_d32568